[Event "Hoogovens"]
[Site "Wijk aan Zee"]
[Date "1990.01.??"]
[Round "1"]
[White "Kuijf, Marinus"]
[Black "Anand, Viswanathan"]
[Result "0-1"]
[WhiteElo "2490"]
[BlackElo "2555"]
[Annotator "Anand,V"]
[PlyCount "48"]
[EventDate "1990.01.??"]
[EventType "tourn"]
[EventRounds "13"]
[EventCountry "NED"]
[EventCategory "13"]
[SourceTitle "CBM 017"]
[Source "ChessBase"]
[SourceDate "1990.08.01"]
[SourceVersion "1"]
[SourceVersionDate "1990.08.01"]
[SourceQuality "1"]

1. e4 {Schussler} e5 2. Nf3 Nc6 3. c3 Nf6 4. d4 Nxe4 5. d5 Ne7 6. Nxe5 Ng6 7.
Bd3 (7. Qe2 Qe7 8. Qxe4 (8. Nxg6 $6 hxg6 $15) 8... Qxe5 $10) 7... Nxe5 (7...
Nxf2 $2 8. Bxg6 Nxd1 9. Bxf7+ Ke7 10. Bg5+ Kd6 11. Nc4+ Kc5 12. Nba3 Nxc3 13.
Bxd8 $18) 8. Bxe4 Bc5 9. Qh5 d6 10. Bg5 $2 (10. h3 $10) 10... Bg4 $1 11. Qh4 $2
(11. Bxd8 Bxh5 12. Bg5 $15) 11... f6 12. Bc1 (12. Bd2 Qe7 13. O-O g5 14. Qh6 (
14. Qg3 f5 $19) 14... Nf7 15. Qg7 Qxe4 16. Re1 Qxe1+ 17. Bxe1 Ke7 $19) (12. Be3
g5 13. Qh6 (13. Qg3 f5 14. f4 Bxe3 15. fxe5 Bf4 $19) 13... Qe7 14. O-O Nf7 15.
Qg7 O-O-O 16. Bxc5 Rdg8 17. Re1 Bd7 $19) 12... Qe7 13. O-O $8 g5 14. Qg3 f5 $19
15. Bxf5 Bxf5 16. Bxg5 Qf7 17. Nd2 Rg8 18. Rae1 h6 19. Rxe5+ dxe5 20. Qxe5+ Kd7
21. Be3 Rae8 22. Qf4 Qxd5 23. Nf3 Bd6 24. Qa4+ b5 0-1

[Event "Linares 09th"]
[Site "Linares"]
[Date "1991.??.??"]
[Round "10"]
[White "Anand, Viswanathan"]
[Black "Timman, Jan H"]
[Result "1-0"]
[WhiteElo "2635"]
[BlackElo "2630"]
[Annotator "Anand,V"]
[PlyCount "55"]
[EventDate "1991.02.??"]
[EventType "tourn"]
[EventRounds "13"]
[EventCountry "ESP"]
[EventCategory "17"]
[SourceTitle "CBM 022"]
[Source "ChessBase"]
[SourceDate "1991.06.01"]
[SourceVersion "1"]
[SourceVersionDate "1991.06.01"]
[SourceQuality "1"]

1. e4 {King} d6 2. d4 Nf6 3. Bd3 e5 4. c3 Nc6 5. Nf3 Bg4 6. d5 Ne7 7. c4 Ng6 8.
g3 (8. h3 Bxf3 9. Qxf3 Nh4 $1 10. Qg3 Nh5 $1 11. Qh2 (11. Qg4 Nf4 12. Bf1 h5
13. Qg3 Rh6 (13... Qf6 $13) 14. Bxf4 Rg6 $132) 11... Nf4 12. Bf1 Qg5 $15) 8...
Be7 9. Nc3 Qc8 10. Be2 O-O 11. h4 $1 (11. Nd2 Bh3) 11... c5 $6 (11... a6 $13)
12. Nd2 Bd8 $2 13. Bxg4 $1 Nxg4 (13... Qxg4 14. Qxg4 Nxg4 $14 {_|_}) 14. Nb5
Be7 15. h5 $16 Nh8 16. f3 Nh6 (16... Nf6 17. Nf1 $16) 17. g4 (17. Nf1 $1 f5 18.
Bxh6 gxh6 19. Ne3 fxe4 20. fxe4 a6 21. Nc3 Bg5 22. Nf5 Nf7 23. O-O $16) 17...
a6 {[#]} (17... f6 18. Nf1 N8f7 19. Ng3 Ng5) 18. Nxd6 $1 Bxd6 19. g5 f5 $1 $8 (
19... Nf5 20. exf5 Qxf5 21. Ne4 $18 {><h8}) 20. gxh6 f4 21. hxg7 Kxg7 22. Nb3
Nf7 23. Bd2 Rg8 24. Na5 $2 (24. Qe2 Ng5 25. O-O-O $16 {Timman}) 24... Kh6 $1
25. Qb3 Rb8 26. O-O-O Rg2 $132 {Timman} 27. Qc3 Qd7 $4 (27... Qh8 $14) (27...
Qd8 $14) 28. Bxf4+ $1 1-0

[Event "Golden Sands Europe op 1st"]
[Site "Golden Sands"]
[Date "2012.06.07"]
[Round "4"]
[White "Kanmazalp, Ogulcan"]
[Black "Atalik, Suat"]
[Result "0-1"]
[WhiteElo "2379"]
[BlackElo "2608"]
[Annotator "Atalik,S"]
[PlyCount "82"]
[EventDate "2012.06.04"]
[EventType "swiss"]
[EventRounds "9"]
[EventCountry "BUL"]
[SourceTitle "CBM 149"]
[Source "ChessBase"]
[SourceDate "2012.07.17"]
[SourceVersion "1"]
[SourceVersionDate "2012.07.17"]
[SourceQuality "1"]

1. e4 e5 2. Nf3 Nc6 3. d4 exd4 4. c3 Nf6 $5 (4... d5 {I really do not know
what the Turk has against these lines.} 5. exd5 Qxd5 6. cxd4 Bg4 7. Be2 Bb4+ 8.
Nc3 Bxf3 9. Bxf3 Qc4 10. Qb3 Qxb3 11. axb3 Nge7 12. O-O a6 13. Be3 O-O-O 14.
Rfd1 Bd6 $13) (4... dxc3 5. Bc4 (5. Nxc3 d6 (5... Bb4 6. Bc4 d6 7. O-O Bxc3 8.
bxc3 Be6 9. Bxe6 fxe6 10. Qb3 Qd7 11. Qxb7 Rb8 12. Qa6 Nge7 13. Qc4 O-O 14. Ng5
Rf6 15. f4 h6 16. Nf3 Rbf8 17. Be3 $16) 6. Bc4 {transposes}) 5... d6 6. Nxc3
Nf6 7. Qb3 Qd7 8. Ng5 Ne5 9. Bb5 c6 10. f4 Neg4 11. Be2 h6 12. Nf3 d5 13. h3 d4
14. Nd1 $40) 5. e5 Nd5 6. cxd4 (6. Bb5 $5 Be7 7. O-O O-O 8. cxd4 d6 $13) 6...
Bb4+ 7. Bd2 Bxd2+ 8. Qxd2 (8. Nbxd2 d6 9. Bb5 O-O) 8... d6 (8... O-O 9. Nc3
Nxc3 10. bxc3 d6 11. exd6 Qxd6 12. Be2 $14 {After all he has the centre.}) 9.
Nc3 (9. Bb5 O-O) 9... dxe5 10. dxe5 Nxc3 11. Qxc3 Qd5 $1 {The effect of this
move is tremendous!} 12. Be2 (12. Bc4 Qe4+ 13. Kf1 O-O (13... Be6 $5 14. Bxe6
fxe6) 14. Re1 Qf4 15. g3 Bh3+ 16. Kg1 Qh6 $17) 12... Qe4 13. Qc4 Qxc4 (13...
Bf5 14. O-O O-O $15) 14. Bxc4 Bg4 15. O-O-O (15. Bd5 O-O-O 16. Bxc6 bxc6 17.
O-O Rhe8 $17) 15... Bxf3 16. gxf3 Ke7 17. e6 $5 {An inspired decision.} (17.
Bd5 Rad8 18. Bxc6 bxc6 19. f4 Rd5 $17) (17. f4 Rad8 18. Bd5 Nb4 19. Bxb7 Nxa2+
20. Kb1 Rxd1+ 21. Rxd1 Rb8 22. Kxa2 Rxb7 23. f5 g6 24. fxg6 hxg6 $17) 17...
fxe6 (17... Ne5 18. Bb3 Rhd8 19. exf7 Nxf7 $17) 18. Rhe1 Nd8 19. Rd3 Rf8 (19...
Re8 $5 20. f4 Rf8 21. Red1 Rxf4 22. Rd7+ Kf6 23. Rxc7 Rxf2 24. h4 $44 {and Ra8
worries me.}) 20. Red1 Ke8 ({I could not have appreciated the results of the
active} 20... Nf7 $142 $5 21. Re1 (21. Re3 Ng5 22. Rg1 Rf4 $17) 21... Ng5 22.
h4 (22. Rg1) 22... Rf4 23. hxg5 Rxc4+ 24. Kd2 $44) 21. Rd7 Rf7 22. Rxf7 Nxf7
23. Bxe6 Nd6 24. Rg1 Ke7 (24... Kf8 $5 25. f4 Re8 26. f5 Ne4 27. b4 Rd8 $17)
25. Bd5 $1 g6 26. h4 c6 27. Re1+ Kf8 {It could have been better to go to the
other side.} (27... Kd7 28. Be6+ Kc7 29. Bg4 (29. Bh3 Rf8) (29. Bb3 Re8) 29...
Re8 30. Rxe8 Nxe8 31. f4 Nf6 32. Be6 Kd6 33. Bc8 b6 34. f5 gxf5 35. Bxf5 Ke5
$15 {I doubt it.}) 28. Re6 Rd8 (28... Nf7 29. Bb3 Re8 30. Rf6 Re7 $17) 29. Bb3
Ne8 30. h5 Rd6 31. Re5 (31. hxg6 Rxe6 32. Bxe6 hxg6 $1 (32... h5 $2 33. f4 Kg7
34. f5 h4 35. Kd2 h3 36. f6+ Nxf6 37. Bxh3 Kxg6 38. Ke3 $11) 33. f4 Ke7 34. Bb3
Kf6 35. Kd2 Nd6 $17) 31... gxh5 32. Rxh5 Nf6 33. Ra5 a6 ({The pawn sac is no
good.} 33... h5 $2 34. Rxa7 b5 (34... h4 35. Ra4) 35. Bc2 h4 36. Bf5 Rd4 37.
Be6 $132) 34. Re5 Nd5 35. Kd2 $1 $138 {His king should participate the game.}
Kg7 36. Ke2 Kf6 37. Re4 Re6 $2 {I should have pushed immediately.} (37... h5
38. f4 Ne7 39. Kf3 Nf5 40. Re5 Nd4+ 41. Ke4 Nxb3 42. Rf5+ $5 (42. axb3 Rd5 $19)
42... Kg7 43. Rg5+ Rg6 44. axb3 h4 45. Kf3 Rxg5 46. fxg5 c5 47. Kg4 b5 48. Kxh4
a5 49. f4 c4 50. bxc4 bxc4 51. f5 c3 52. bxc3 a4 $19) 38. Kd3 Re5 (38... Rxe4
39. Kxe4 $1 (39. fxe4 $2 Nf4+ 40. Kd4 h5 41. e5+ Kg5 42. Ke4 h4 43. e6 Ng6 44.
Kf3 (44. f4+ Kf6) 44... b5 45. Bc2 c5 46. Bxg6 Kxg6 47. Kg4 c4 48. a3 a5 49.
Kxh4 a4 $19) 39... h5 40. f4 h4 41. Kf3 h3 42. Bc2 h2 43. Kg2 Nxf4+ 44. Kxh2
Ke5 45. Kg3 c5 46. Kf3 $11) 39. Kd4 Rf5 40. Rh4 $4 {A terrible blunder.} (40.
Re8 h5 41. Bc2 Rf4+ 42. Be4 Kg7 43. Ke5 (43. Re6 Rf6 44. Re5 Nf4 45. Rg5+ Kh6
46. Rg8 Rf8 47. Rxf8 Ne6+ 48. Ke5 Nxf8 49. Kf5 Nd7 50. f4 $132) 43... Rf7 (
43... Rf6 44. f4 h4 45. Bf5) 44. Re6 Nf6 45. Bf5 Nd7+ 46. Kf4 Nf8 47. Rd6 Rf6
48. Rxf6 Kxf6 49. Bc8 Ng6+ 50. Kg3 b6 51. Bxa6 Kg5 52. b4 Nf4 53. a3 $1 (53. a4
h4+ 54. Kh2 Nd5 55. b5 c5 56. Bb7 Nc3 $19) 53... h4+ 54. Kh2 Kf6 55. Bb7 c5 56.
bxc5 bxc5 57. a4 Ke5 58. a5 Kd6 59. Ba6 Kc6 60. Bf1 $11) 40... Rf4+ $1 41.
Rxf4+ Nxf4 {He resigned way too early.} (41... Nxf4 42. Bc4 (42. Kc5 b5 $19)
42... h5 43. Bf1 (43. Kc5 Nd5 44. Kd6 a5) 43... a5 44. Kc5 Nd5 45. Kd6 a4 $19 {
is the easiest of all.}) 0-1

[Event "Petrov Memorial op"]
[Site "St Petersburg"]
[Date "1996.??.??"]
[Round "7"]
[White "Rublevsky, Sergei"]
[Black "Ibragimov, Ildar"]
[Result "1-0"]
[WhiteElo "2610"]
[BlackElo "2575"]
[Annotator "Baburin,A"]
[PlyCount "77"]
[EventDate "1996.02.??"]
[EventType "swiss"]
[EventRounds "9"]
[EventCountry "RUS"]
[SourceTitle "CBM 052"]
[Source "ChessBase"]
[SourceDate "1996.06.01"]
[SourceVersion "1"]
[SourceVersionDate "1996.06.01"]
[SourceQuality "1"]

1. e4 d6 2. d4 Nf6 3. Bd3 e5 4. c3 Nc6 5. Nf3 Bg4 6. d5 Nb8 7. c4 Be7 8. Nc3
O-O 9. h3 Bxf3 10. Qxf3 Na6 11. O-O Ne8 12. a3 c5 {[#] In such positions White
usually can choose between play on the Queen side after an eventual b2-b4 or
on the opposite flank after f2-f4. In the game White keeps both options open
for a while, but then goes for a King side attack.} (12... Bg5 $5 13. b4 $36)
13. b3 Bg5 {This idea is quite typical, e. g. it is a reason behind the
exchange of the c8-Bishop in the following opening line: 1 d4 c5 2 d5 e5 3 e4
d6 4 c4 Be7 5 Nf3 Bg4 6 Be2?! Bxf3! 7 Bxf3 Bg5, which is quite good for Black.
However, in this game White is able to keep the Bishops.} 14. Bb2 $1 g6 15. g3
$1 Nb8 16. h4 Bh6 17. h5 Nd7 18. Kg2 $1 Ng7 19. hxg6 fxg6 20. Qg4 Bg5 21. Ne2
h5 22. Qh3 Qe7 23. Ng1 Bh6 24. Nf3 Rf6 25. Nh4 Raf8 26. Rae1 Bg5 27. f4 exf4
28. Bxf6 Rxf6 29. e5 dxe5 30. Nxg6 Qd6 31. gxf4 Bxf4 32. Kh1 Nf8 33. Nxf4 exf4
34. Rg1 f3 35. Ref1 Qe5 36. Rxf3 Rxf3 37. Qxf3 Nd7 38. Rf1 Qe7 39. Qe4 1-0

[Event "Nikolaev zt"]
[Site "Nikolaev"]
[Date "1993.??.??"]
[Round "?"]
[White "Fedorov, Alexei"]
[Black "Moskalenko, Viktor"]
[Result "1-0"]
[WhiteElo "2490"]
[BlackElo "2555"]
[Annotator "Belov,I"]
[PlyCount "115"]
[EventDate "1993.03.??"]
[EventType "swiss"]
[EventRounds "11"]
[EventCountry "RUS"]
[SourceTitle "CBM 035"]
[Source "ChessBase"]
[SourceDate "1993.08.01"]
[SourceVersion "1"]
[SourceVersionDate "1993.08.01"]
[SourceQuality "1"]

1. e4 d6 2. d4 Nf6 3. Bd3 e5 4. c3 Nc6 5. Nf3 g6 6. O-O Bg7 7. Na3 (7. h3 O-O
8. Re1 a6 (8... h6 9. Na3 Nh5 10. Be3 a6 11. Kh2 Qf6 12. Bf1 {Smirin-Bologan/
Debrecen/1992/} Re8 $14) 9. Bc2 $1 h6 10. Nbd2 Nh7 $6 (10... Nh5 $142) 11. Nf1
exd4 $6 (11... Ng5 $142 $14) 12. cxd4 Ng5 13. N1h2 $1 Nxf3+ 14. Nxf3 $16 {
Ivanchuk-Bologan/Debrecen/1992/}) 7... O-O 8. h3 (8. Nc2 Re8 9. Re1 h6 10. h3
Bd7 11. Bd2 {Krasenkov-Spraggett/Andorra/1991/} a5 $1 $13) 8... Nh5 (8... h6) (
8... Re8) 9. Bc2 $1 $146 (9. Be3 h6 10. Re1 a6 {Smirin-Bologan/Debrecen/1992/})
9... Qe7 (9... h6 {/\ a6, Qf6<=>}) 10. Re1 Nd8 {/\ Ne6-f4} 11. Nc4 f6 12. Ne3
c6 13. b3 $1 $14 Nf7 14. Ba3 (14. a4 $5) 14... Nf4 15. h4 $1 Bd7 16. g3 Nh5 17.
Qe2 Rad8 18. Rad1 Bc8 19. Rd2 (19. c4 $1 {/\ c5+/-}) 19... Rfe8 20. dxe5 $6 (
20. Red1 {/\ 21.c4}) 20... fxe5 21. Red1 Bh6 $1 22. Rd3 Nf6 $132 23. Nc4 c5 $8
24. Bc1 $2 (24. Ne3 Be6 25. c4 Bxe3 26. Rxe3 Bg4 $10) 24... Bxc1 25. Rxc1 d5 $1
$17 26. Ncd2 $8 (26. exd5 $2 e4 27. Re3 Bg4 $1 (27... exf3 $2 28. Qxf3 $1 $16)
28. Bxe4 Nxe4 29. Re1 Qf6 $1 $19) 26... d4 27. c4 Rf8 (27... Nd6 $5) 28. Nf1
Nd6 29. N3d2 Rf7 30. f3 Kh8 31. Nh2 Nh5 (31... Rg8 {/\ g5}) 32. Ndf1 g5 33. f4
$5 Nf6 (33... g4 34. f5 (34. Nxg4 $6 Nxf4 35. gxf4 Bxg4 $17)) 34. hxg5 Nfxe4
35. Rf3 Nc3 (35... exf4 36. gxf4 Nc3 37. Qxe7 Rxe7 38. Ng3 Ne2+ 39. Nxe2 Rxe2
$17) 36. Rxc3 $1 dxc3 37. Re1 Bf5 $2 (37... Nf5 38. Bxf5 (38. Qf3 Qd6 39. Qxc3
Qd4+ 40. Qxd4 Nxd4 $17) 38... Bxf5 39. Qe3 Rd3 $17) 38. Bxf5 Nxf5 39. Qc2 Qd6
40. Qxc3 Qd4+ 41. Qxd4 exd4 42. Nf3 $16 Re7 43. Ne5 {/\ 44.g4, 45.Ng6+-} Kg7
44. Kf2 h6 $6 45. g4 Nd6 46. gxh6+ Kxh6 47. Ng3 Rf8 48. Kf3 Kg7 49. g5 $18 Re6
50. Kg4 d3 51. Rd1 Nf7 52. Nxf7 Kxf7 53. Rxd3 Rfe8 54. Nf5 Kf8 55. Rd7 Re1 56.
g6 Rg1+ 57. Kh5 Re6 58. Rd8+ 1-0

[Event "GER-ch 71st"]
[Site "Altenkirchen"]
[Date "1999.11.18"]
[Round "7"]
[White "Hickl, Joerg"]
[Black "Jussupow, Artur"]
[Result "1/2-1/2"]
[WhiteElo "2552"]
[BlackElo "2636"]
[Annotator "Blatny,P"]
[PlyCount "42"]
[EventDate "1999.11.12"]
[EventType "swiss"]
[EventRounds "9"]
[EventCountry "GER"]
[SourceTitle "CBM 074"]
[Source "ChessBase"]
[SourceDate "2000.02.01"]
[SourceVersion "1"]
[SourceVersionDate "2000.02.01"]
[SourceQuality "1"]

1. e4 e5 2. Nf3 Nc6 3. c3 d5 4. Bb5 dxe4 5. Nxe5 Qd5 6. Qa4 Qxe5 7. Bxc6+ bxc6
8. Qxc6+ Kd8 9. Qxa8 Nf6 10. Na3 Qg5 (10... Bc5 11. b4 (11. Nc4 Qe6 12. b3 Re8
13. Qb8 Qd5 14. Ne3 Qc6 15. a4 Nd7 16. Qb5 Qg6 17. Qe2 Ne5 18. O-O Nf3+ 19. Kh1
Qh5 20. gxf3 Bd6 {0-1 Castillo,J-Pablo Marin,A/Lleida 1991/EXT 97 (20)}) 11...
Bxf2+ 12. Kxf2 e3+ 13. dxe3 (13. Ke1 exd2+ 14. Kxd2 Ke7 15. Qf3 Rd8+ 16. Kc2
Bf5+ 17. Kb3 Rd3 18. Qc6 Be6+ 19. Kb2 Nd5 20. Nb1 Nxb4 21. Qb7 Qe2+ 22. Nd2
Rxd2+ 23. Bxd2 Qxd2+ 24. Ka3 Qxc3+ {1-0 Baron Rodriguez,J-Pavlovic,M/Terrasa
1995/EXT 98 (24)}) 13... Ne4+ 14. Ke2 (14. Ke1 Ke7 15. Bb2 Rd8 16. Rd1 Nxc3 17.
Kf2 Nxd1+ 18. Rxd1 Qxb2+ 19. Kg3 Qe5+ 20. Kf2 Rxd1 21. Qxc8 Rd2+ 22. Kf3 Qf6+
23. Ke4 Qc6+ {0-1 Jussupow,A-Sokolov,I/Garmisch 1994/CBM 43 ext (23)}) 14...
Ke7 15. Qc6 Rd8 16. Ke1 Bg4 17. Bb2 Rd2 18. Qc4 Rxb2 19. Rc1 Re2+ 20. Qxe2 Bxe2
21. Kxe2 Qh5+ 22. Ke1 Ng3 23. Kf2 Nxh1+ 24. Rxh1 Qf5+ 25. Ke2 Qd5 26. Ra1 Qxg2+
{0-1 Comp Virtual Chess-Polgar,Z/The Hague 1995/EXT 99 (26)}) 11. g3 Qh5 (11...
Bxa3 12. bxa3 Qd5 13. Qxd5+ Nxd5 14. Rb1 $18) 12. Nc4 Bc5 13. d4 (13. O-O Ng4
14. h4 Bxf2+ 15. Rxf2 Nxf2 16. Kxf2 Qf3+ $40) 13... exd3 14. O-O Re8 15. h4 (
15. b4 $5 Ng4 $5) 15... Bxf2+ (15... Ne4 $5) 16. Rxf2 (16. Kxf2 Qc5+ 17. Ne3
Ng4+ 18. Kg2 Rxe3 19. Bxe3 Nxe3+ 20. Kh2 Nxf1+ 21. Rxf1 $36) 16... Re1+ 17. Rf1
Rxf1+ 18. Kxf1 Qd1+ 19. Kg2 Qe2+ 20. Kg1 Qe1+ 21. Kg2 Qe2+ 1/2-1/2

[Event "Bonn GSK"]
[Site "Bonn"]
[Date "1996.??.??"]
[Round "?"]
[White "Zagorskis, Darius"]
[Black "Seul, Georg"]
[Result "1-0"]
[WhiteElo "2520"]
[BlackElo "2445"]
[Annotator "Blatny,P"]
[PlyCount "111"]
[EventDate "1996.08.??"]
[EventType "tourn"]
[EventRounds "12"]
[EventCountry "GER"]
[EventCategory "12"]
[SourceTitle "CBM 056"]
[Source "ChessBase"]
[SourceDate "1997.02.01"]
[SourceVersion "1"]
[SourceVersionDate "1997.02.01"]
[SourceQuality "1"]

{This game is a typical example for a consequent realisation of strategical
plan, finished by the nice endgame technique.} 1. d4 {Hecht} d6 2. e4 Nf6 3.
Bd3 e5 4. c3 Nc6 5. Nf3 Bg4 6. d5 Ne7 7. c4 g6 8. h3 Bxf3 9. Qxf3 Bg7 10. Nc3
O-O 11. h4 $1 {White knows that the position transposed to the Kings Indian
structures and prophylactically prevents Black´s activity on the kingside, at
the same time planning original long castle setup.} h5 12. Qe2 Nd7 13. Bg5 c6
14. O-O-O $1 {Because of space advantage in the centre, Black possible attack
against long castle is quite limited.} f6 15. Bd2 cxd5 16. cxd5 Nc5 17. Bc2 f5
18. f3 f4 19. Kb1 Kh7 20. Be1 a6 21. Rc1 Bf6 22. Bf2 b5 23. a3 $1 Qb8 24. b4 $1
{[%csl Ra5,Rc5][%cal Gc1c8] The right counterplay, White starts to control
important squares on the queenside.} Nd7 25. Bd3 Nc8 26. Na2 Bd8 27. Rc6 $1 Bb6
28. Bxb6 Ndxb6 29. Qf2 Ra7 30. Nc1 $1 {[%csl Ra5][%cal Gc1b3,Gb3a5]} Rb7 31.
Nb3 Ne7 32. Rc2 Rc8 33. Rhc1 Rbc7 34. Na5 Rxc2 35. Rxc2 Rxc2 36. Qxc2 $14 Na4
37. Nc6 Qc7 (37... Nxc6 $142 38. dxc6 $140 (38. Qxc6 Qb6 $1) 38... Qc7 39. Bc4
$5 bxc4 40. Qxa4 Qb6 $1 $13) 38. Ka2 Nc8 $2 {[#]} (38... Nxc6 $142) 39. Bc4 $3
{[%csl Ra4][%cal Gc4b3,Gb3a4,Ga3a4]} Nab6 40. Bb3 Na7 41. a4 $1 bxa4 42. Bxa4
Nxa4 43. Qxa4 Qb6 44. Nxa7 Qxa7 {[#]_|_ Hecht Aktivierung des wK mit 47.b5.
Deshalb besser 46...Qxg2+ aber auch 47....axb5 / Analyse!} (44... Qf2+ $5) 45.
Qc6 Qf2+ 46. Kb3 Qf1 (46... Qxg2 $142 47. Qxd6 Qxf3+ 48. Ka4 (48. Kc4 Qxe4+ 49.
Kc5 f3 50. Qe7+ Kh6 51. Qf8+ Kh7 52. d6 Qd4+ 53. Kc6 f2 54. d7 Qc4+) 48... Qd1+
(48... Qe2 {Hecht}) 49. Ka5 f3 50. Qe7+ $18 {_|_}) 47. b5 $1 {[%cal Gb3b4,
Gb4a5]} Qb1+ (47... axb5 $142 {Hecht} 48. Kb4 Qb1+ 49. Ka5 b4 50. Qxd6 b3) 48.
Kc3 Qc1+ (48... axb5 {Hecht} 49. Qxd6 Qe1+ 50. Kb3 Qb1+ 51. Ka3 Qa1+ 52. Kb4
Qa4+ 53. Kc5 Qa3+ 54. Kc6 $16) 49. Kb4 Qb2+ 50. Ka5 Qa3+ 51. Kb6 $18 axb5 52.
Qxb5 Kh6 53. Kc7 g5 54. Qb6 Qc3+ 55. Qc6 Qa5+ 56. Kxd6 1-0

[Event "GRE-GER m"]
[Site "Corfu"]
[Date "1999.10.15"]
[Round "4"]
[White "Mastrovasilis, Dimitrios"]
[Black "Gabriel, Christian"]
[Result "1-0"]
[WhiteElo "2384"]
[BlackElo "2578"]
[Annotator "Blatny,P"]
[PlyCount "123"]
[EventDate "1999.10.12"]
[EventType "schev"]
[EventRounds "5"]
[EventCountry "GRE"]
[SourceTitle "CBM 074"]
[Source "ChessBase"]
[SourceDate "2000.02.01"]
[SourceVersion "1"]
[SourceVersionDate "2000.02.01"]
[SourceQuality "1"]

1. e4 e5 2. Nf3 Nc6 3. d4 exd4 4. c3 d5 5. exd5 Qxd5 6. cxd4 Bb4+ 7. Nc3 Bg4 8.
Be2 Bxf3 9. Bxf3 Qc4 10. Qb3 Qxb3 11. axb3 Nge7 12. Be3 (12. O-O a6 13. Ra4 Bd6
14. Bg5 f6 15. Bh5+ Ng6 16. Re1+ Nce7 17. Bd2 O-O-O 18. g3 Kb8 19. Ne4 Nd5 20.
Ra5 Bb4 21. Bxb4 {1/2-1/2 Ljubojevic,L-Ree,H/Amsterdam 1972/MCL (21)}) 12... a6
(12... O-O 13. O-O Rfd8 14. Ra4 a5 15. Nb5 $13 {1-0 Fluvia Poyatos,J-Landgren,
P/Paris 1996/Juniors (43)}) 13. O-O (13. Ke2 O-O-O 14. Rhd1 Rhe8 15. Ra4 Bd6
16. Ne4 $11 {1/2-1/2 Sermek,D-Pavasovic,D/Finkenstein 1992/EXT 97 (39)}) 13...
Rd8 (13... O-O-O 14. Rfd1 Kb8 15. Ra4 Bd6 16. Rda1 Nb4 17. Nb5 $36 {0-1
Villafane Roca,H-Sanz Alonso,F/La Coruna 1999/EXT 2000 (44)}) 14. Ra4 Bd6 15.
b4 (15. Ne4 Bb4 $11) 15... O-O (15... Bxb4 16. Bxc6+ Nxc6 17. d5 $11) 16. b5
axb5 17. Nxb5 Rd7 18. Rc1 h6 (18... Re8 19. Rca1 $14) 19. Kf1 (19. Nxd6 $5 Rxd6
20. d5 $14) 19... Rb8 20. Rca1 Nf5 21. Ra8 (21. Bg4 Nce7 22. Kg1 $5 Re8 23. Ra7
$36) 21... Rdd8 22. Rxb8 Rxb8 23. h3 (23. d5 Ne5 24. Ba7 Ra8 $13) 23... Re8 24.
Nxd6 cxd6 25. Ra3 (25. d5 Ne5 26. Be2 Nxe3+ 27. fxe3 Rc8 $11) 25... Re7 (25...
Nfxd4 26. Bxd4 Nxd4 27. Bxb7 $14) 26. Rb3 (26. d5 Nxe3+ 27. fxe3 Ne5 $15) 26...
Kh7 27. g4 Nxe3+ (27... Ncxd4 28. Bxd4 Nxd4 29. Rxb7 Rxb7 30. Bxb7 $14) 28.
fxe3 Kg6 29. Kf2 f5 (29... Na5 30. Rc3 $14) 30. Rb6 fxg4 31. hxg4 Kg5 32. Rb5+
Kg6 33. Rb6 Kg5 34. b4 Rd7 35. Kg3 Nd8 36. Bd5 Kf6 37. Kf4 (37. Kh4 g6 $14)
37... g6 38. g5+ (38. e4 Ke7 $14) 38... hxg5+ 39. Kg4 Nf7 40. Rxb7 (40. Bxf7 $5
Kxf7 (40... Rxf7 41. Rxd6+ Kg7 $18) 41. Kxg5 $16) 40... Nh6+ 41. Kg3 Rd8 $16 (
41... Nf5+ $5 42. Kf2 Rxb7 43. Bxb7 $16) 42. e4 g4 43. b5 Rc8 44. b6 (44. Rd7
Rc3+ 45. Kg2 Rc2+ 46. Kg1 Rc1+ 47. Kf2 Rc2+ 48. Ke3 g3 49. Kf4 $18) 44... Rc3+
45. Kg2 Rc2+ 46. Kf1 Rb2 $6 (46... g3 $142 $5) 47. Rh7 (47. Rb8 Kg5 48. b7 g3
49. Rh8 Ng4 50. b8=Q Nh2+ 51. Rxh2 Rxb8 52. Ra2 $18) 47... Kg5 48. b7 g3 49.
Rh8 Ng4 50. b8=Q Nh2+ 51. Rxh2 Rxb8 52. Re2 Rb5 53. Be6 Kf4 54. Kg2 Rh5 55. Kg1
Kf3 (55... Rb5 56. Bf7 Kf3 57. Re1 $18) 56. Rb2 Kxe4 57. d5 Rh8 58. Rb4+ Kf3
59. Rb3+ (59. Bg4+ $142 Ke3 60. Kg2 $18) 59... Kf4 60. Rb4+ Kf3 61. Bg4+ Ke3
62. Kg2 1-0

[Event "RUS-Cup03 Geller Memorial"]
[Site "Moscow"]
[Date "1999.02.10"]
[Round "1"]
[White "Ovetchkin, Roman"]
[Black "Malinin, Yuri"]
[Result "1-0"]
[WhiteElo "2511"]
[BlackElo "2324"]
[Annotator "Blatny,P"]
[PlyCount "63"]
[EventDate "1999.02.10"]
[EventType "swiss"]
[EventRounds "9"]
[EventCountry "RUS"]
[SourceTitle "CBM 070"]
[Source "ChessBase"]
[SourceDate "1999.06.08"]
[SourceVersion "1"]
[SourceVersionDate "1999.06.08"]
[SourceQuality "1"]

1. e4 e5 2. Nf3 Nc6 3. c3 Nf6 4. d3 Bc5 5. Be2 d5 6. Qc2 dxe4 7. dxe4 Bg4 8. b4
Bd6 9. O-O Ne7 10. Rd1 Qc8 11. Na3 O-O 12. Nc4 Ng6 13. h3 Bd7 14. Be3 Bxh3 $4 (
14... Bc6 15. Bd3 $14) 15. gxh3 Qxh3 16. Nh2 $18 Nh4 17. Bf1 Nf3+ 18. Nxf3 Qxf3
19. Bg2 Qh5 20. f3 Rad8 21. Qf2 Qg6 22. Qh4 h6 23. Kf2 Nd7 24. Nxd6 cxd6 25.
Bh3 Qf6 26. Qxf6 Nxf6 27. c4 b6 28. a4 Nh5 29. a5 bxa5 30. Rxa5 g6 31. Bxh6
Rfe8 32. Bg4 1-0